000
00345nam a2200157Ia 4500
003
OSt
005
20240316120354.0
008
170524s9999 xx 000 0 und d
020
_a
190399232X
040
_c
IIMTU MEERUT
100
_a
Vassallo- Jady
245
2
_a
A big bowl of noodles
260
_b
Murdoch
260
_c
2004
942
_2
ddc
_c
02
999
_c
7153
_d
7153